7-Letter Geography Alphabet Blitz Quiz Stats

 Plays Quiz Updated Jul 14, 2016

Score 0/21 Timer 05:00
17 Plays Today
Letter Country/Capital % Correct
BBaghdad, Bahamas, Bahrain, Bangkok, Belarus, Belgium, Beijing, Bishkek, Bolivia, Burundi
94.7%
AAlbania, Algeria, Algiers, Andorra, Armenia, Austria
94.4%
EEcuador, Eritrea, Estonia
87.7%
GGeorgia, Germany, Grenada
87%
DDenmark
85.6%
FFinland
83%
JJakarta, Jamaica
80.4%
VVanuatu, Vietnam, Vilnius
77.7%
UUkraine, Uruguay
77.5%
IIceland, Ireland
76.8%
NNairobi, Namibia, Nicosia, Nigeria
75.9%
Letter Country/Capital % Correct
CCaracas, Comoros, Conakry, Croatia, Czechia
74.6%
LLebanon, Lesotho, Liberia
72.2%
MManagua, Mbabane, Moldova, Morocco, Myanmar
71.2%
HHoniara, Hungary
70.2%
SSan José, São Tomé, Senegal, Somalia, St. John's
60.2%
TTallinn, Tbilisi, Thimphu, Tripoli, Tunisia
57.5%
RRomania
55.2%
YYaoundé, Yerevan
44.7%
KKampala
20.4%
PPalikir
15%

You're not logged in!

Compare scores with friends on all Sporcle quizzes.
OR
Log In

Show Comments

Extras

Top Quizzes Today


Score Distribution

Your Account Isn't Verified!

In order to create a playlist on Sporcle, you need to verify the email address you used during registration. Go to your Sporcle Settings to finish the process.

Report this User

Report this user for behavior that violates our Community Guidelines.

Details: